|
|
|
|
| LEADER |
00000nam a2200000 a 4500 |
| 001 |
vtls001170596 |
| 003 |
SK-MaSNL |
| 005 |
20260301063347.0 |
| 008 |
250414s1922 xo 0 cze |
| 035 |
|
|
|a SNK000113577
|
| 040 |
|
|
|a SNK
|b slo
|c SNK
|e AACR2
|
| 041 |
0 |
|
|a cze
|
| 044 |
|
|
|a xo
|c SK
|
| 080 |
|
|
|a 882-3 Čechov, Anton Pavlovič=854
|2 1981
|
| 100 |
1 |
|
|a Čechov, Anton Pavlovič,
|d 1860-1904
|4 aut
|9 98221
|
| 245 |
1 |
0 |
|a Rozprávky od Antona P. Čechova
|c Anton Pavlovič Čechov ; Přel. J. Maro
|
| 260 |
|
|
|a Ružomberok
|b Ján Párička
|c 1922
|e Ružomberok
|f Ján Párička
|
| 300 |
|
|
|a 110, [1] s.
|c 17 cm
|
| 490 |
0 |
|
|a Páričkova slovenská knižnica
|v č. 4. (roč. 1. sv. 4.)
|
| 700 |
1 |
|
|a Maro, Juraj,
|d 1853-1918
|4 trl
|9 215322
|
| 852 |
|
|
|a Slovenská národná knižnica
|
| 954 |
|
|
|a poviedky ruské
|
| 968 |
|
|
|d [Z rus. orig.]
|
| 999 |
|
|
|c 623752
|d 625682
|
| 952 |
|
|
|t P60, <03>, [BOOK], {603}
|a SNK
|b SNK
|y PREZ
|7 0
|p 17A0221625
|o snkSD 826/4
|0 0
|1 0
|4 0
|d 1999-12-13
|l 0
|r 2025-10-20 00:00:00
|w 2026-02-23
|